000 01319nam a2200349 a 4500
001 000110970
003 CHAP
005 20220329144152.0
008 141103s2014 mx a |sm |||||||spa d
010 _a107432
011 _a108404
040 _cCHAP
090 _aTesis
100 1 _aMoncada Rodríguez, María del Carmen
_9128727
245 1 0 _aEvaluación de híbridos de maíz (Zea mays) a diferentes densidades de población en Chapingo, estado de México
_h[En línea]
_cpor María del Carmen Moncada Rodríguez y Blanca Iris Padilla Chávez.
260 _aChapingo, Méx. :
_bEl autor,
_c2014.
500 _aPara ver el contenido del material haga clic en la liga
502 _aTesis (Ing. Agr. Esp. en Fitotecnia ) -- UACH. Departamento de Fitotecnia
590 _aE11695DGD
_b10
_c20141108
_lUCH01
_h1016
590 _aE5652GLJ
_b05
_c20141103
_lUCH01
_h0942
590 _aE5652GLJ
_b05
_c20141103
_lUCH01
_h0942
650 1 4 _aMaíz
_xGenética.
_970963
650 1 4 _aMaíz
_xHíbridos.
_970974
650 1 4 _aMaíz
_xProducción.
_971041
650 1 4 _aMaíz
_xRendimiento.
_971051
650 1 4 _aMaíz
_xVariedades.
_971081
700 1 _aPadilla Chávez, Blanca Iris
_9128728
856 _aFinding aid
_uhttp://10.13.5.2/tesis/sist110970.pdf
_zTeclea aquí
901 _aBK
942 _cTESIS
942 _n0
999 _c107432
_d107432